Active ageing, social inclusion, and public transportation A policy analysis and narrative review
| Szerző: | |
|---|---|
| Dokumentumtípus: | Cikk |
| Megjelent: |
Budapesti Gazdaságtudományi Egyetem
2026
|
| Sorozat: | Prosperitas
early access (online) |
| Tárgyszavak: | |
| doi: | 10.31570/prosp_2026_0174 |
| Kulcsszavak: | Active ageing elderly Public Transport sustainable mobility accessibility equity universal design |
| Online Access: | http://publikaciotar.uni-bge.hu/2612 |
MARC
| LEADER | 00000nab a2200000 i 4500 | ||
|---|---|---|---|
| 001 | publ2612 | ||
| 005 | 20260226091447.0 | ||
| 008 | 260225s2026 hu o 000 zxx d | ||
| 022 | |a 2786-4359 (Online) | ||
| 024 | |a 10.31570/prosp_2026_0174 |2 doi | ||
| 040 | |a BGE Publikációtár Repozitórium |b hun | ||
| 100 | 1 | |a Venezia Elisabetta | |
| 245 | 1 | 0 | |a Active ageing, social inclusion, and public transportation |b A policy analysis and narrative review |c Venezia Elisabetta |h [elektronikus dokumentum] |
| 260 | |a Budapesti Gazdaságtudományi Egyetem |c 2026 | ||
| 300 | |a 1-17 | ||
| 490 | 0 | |a Prosperitas |v early access (online) | |
| 650 | 4 | |a szociológiai tudományok | |
| 695 | |a Active ageing | ||
| 695 | |a elderly | ||
| 695 | |a Public Transport | ||
| 695 | |a sustainable mobility | ||
| 695 | |a accessibility | ||
| 695 | |a equity | ||
| 695 | |a universal design | ||
| 856 | 4 | 0 | |u https://publikaciotar.uni-bge.hu/id/eprint/2612/1/active-ageing-social-inclusion-and-public-transportation-a-policy-analysis-and-narrative-review-273.pdf |z Dokumentum-elérés |